00457 2200193 4500001002100000005001500021035002000036245004100056100001600097250000600113300001200119260003100131082001200162084001800174020002200192600002700214990001100241990001100252INLIS00000000000119020220104084204 a0010-01220000011 aSebuah Seni untuk Bersikap Bodo Amat0 aMark Manson a1 a246 hlm aJakarta :bGrasindo,c2020 a155. 25 a155. 25 MAR s a978-602-452-698-6 4aMotivasi ( Psikologi ) a001994 a001995